000 04021nam a22002897a 4500
001 0000866
003 KOHA_MİRAKIL
005 20260207001222.0
007 ta
008 081212b2007 tu |||grn|||#0|||0|tur |
020 _a9789755114842
_cYTL26,69
040 _aTR-BiSEU
_btur
_cTR-BiSEU
_erda
041 0 _atur
044 _ctu
050 _aTK2541
_b.M47 2007
100 1 _aMergen, Faik A..
245 1 _aElektrik makinalarında sargılar/
_cFaik A. Mergen ; Faik A. Mergen, Derya Ahmet Kocabaş.
264 1 _aİstanbul :
_bBirsen
_c2007
300 _a303 sayfa: resimli
336 _ametin
_btxt
_2rdacontent
337 _aaracısız
_bn
_2rdamedia
338 _acilt
_bnc
_2rdacarrier
505 _aİÇİNDEKİLER
_xŞEKİL LİSTESİ
_xTABLO LİSTESİ
_xÖRNEK LİSTESİ
_xGİRİŞ VE SARGININ ÖNEMİ
_xSargının Genel Yapısı
_xİletkenler
_xSarımlar
_xBobinler
_xBobin Yanlan
_xYalıtkan Malzemeler
_xElektrik Makinelerinde Yalıtkanlar ve Ömür Kavramı.
_xYalıtım Sınıfları
_xElektrik Makinelerinde Kullanılan Yalıtkan Malzeme
_xTipleri
_xİletken Dışındaki İzolasyon Malzemeleri
_xİki Tabakalı Sargılarda Bobin Yanı İçindeki
_xİzolasyon Malzemeleri
_xCephe Bağlantısı İzolasyon Malzemeleri
_xOluk İçi İzolasyon Malzemeleri
_xBobinler Arası Bağlantılarda İzolasyon Malzemeler
_xOluk ağzı yalıtkanları Yağ
_xSARGI TASARIMINDA KULLANILAN TERİMLER.
_xBobin adımı
_xKutup adımı
_xOluk adımı
_xGeometrik açı
_xElektrik açı
_xBant açısı
_xTam Sayı Oluklu Sargı
_xÇap Sargısı
_xKirişlenmiş Sargı
_xKesirli Sayılı Oluklu Sargı
_xTabaka Sayısı
_xCephe Bağlantısı ve Kat sayısı
_xBobinde endüklenen gerilim
_xSargı Faktörü
_xSargının Dağılma Faktörü
_xSargının Kirişlenme Faktörü
_xSargıda endüklenen gerilim
_x. Gerilim Yıldızı
_xEşpotansiyel bobinler ve Eşpotansiyel iletken
_xALTERNATİF AKIM SARGILARI
_xSargı Türleri
_xOluk Adımına göre Sargı Türleri
_xTam Oluklu Sargılar
_xKesirli Oluklu Sargılar
_xTabaka Sayısına göre Sargı Türleri
_xBir Tabakalı Sargılar
_xBir Tabakalı El Sargısı
_xBir Tabakalı Kalıp Sargı
_xİki Tabakalı Sargılar
_xİki Tabakalı Dalgalı Sargı
_xİki Tabakalı Büklümlü (Kalıp) Sargı
_xCephe Bağlantısı Kat Sayısına göre Sargı Türleri
_x2 katlı Cephe Bağlantısı
_x3 veya daha çok katlı Cephe Bağlantısı
_xCephe Bağlantısı Kırık (Yamuk) bobinli
_xKirişlenmiş Sargılar
_xÖzel Uygulamalar
_xTRANSFORMATÖR SARGILARI
_xSilindirik Sargılar
_xBir Tabakalı Sürekli Sargı
_xÇok Tabakalı Sürekli Sargı
_xAlt Gruptu Bobinleri olan Silindirik Sargı
_xÇok Tabakalı Spiral Tip Silindirik Sargı
_xVida Şeklinde Sarılmış Silindirik Sargı
_xAlçak Gerilim Sargıları
_xParalel Kol
_xYüksek Gerilim Sargıları
_xGiriş Bobini
_xBasit Bobin
_xÇift Bobin
_xAyar Bobinleri
_xDisk Sargılar
_xTransformatör Sargı Hesabı Örneği
_xDOĞRU AKIM SARGILARI
_xEndüvi Sargıları
_xBüklümlü Sargı
_xBasit Büklümlü Sargı
_xÇok Dolaşımlı Büklümlü Sargı
_xDalgalı Sargı
_xBasit Dalgalı Sargı
_xÇok Dolaşımlı Dalgalı Sargı
_xYapay Kapanmış Sargı
_xKör Bobinli Sargı
_xKutup Sargıları
_xAna Kutup Sargıları
_xYardımcı Kutup Sargıları
_xKompanzasyon Sargısı
_xUyarma (Ana Kutup) Sargısı, Yardımcı Kutup Sargı: ve Kompanzasyon Sargısı Hesabı
_xÜÇ FAZLI ASENKRON MOTORUN STATOR SARGILARININ SARILMASI
_xÖrnek Motor
_xMotor Sarılırken Kullanılacak Malzemeler
_xBakır tel
_xPresbant
_xMakaron
_xVernik
_xMotor Sarım Aşamaları
_xOluk İçi İzolasyonların Ve Oluk Ağzı Kapaklarının
_xHazırlanması
_xBobinlerin Sarılması
_xBobinlerin Yerleştirilip Uç Bağlantılarının Yapılması.
_xCephe Bağlantılarının Yalıtılması.. Bağlantı Kutusunun Oluşturulması Sargıların Vetniklenmesi
_xSARGI İLE İLGİLİ DENEYLER
_xSarım deneyi
_xSargı Deneyi...
_xYalıtkan deneyi (Megger Testi)
_xIsınma Deneyi
_xİNDEKS
_xKAYNAKÇA
650 0 _aElektrik makineleri.
_92670
907 _aAraştırma
942 _2lcc
_cBK
999 _c861
_d861